| 000 | 00931nam a22002177a 4500 | ||
|---|---|---|---|
| 003 | OSt | ||
| 005 | 20260602115349.0 | ||
| 008 | 260602b |||||||| |||| 00| 0 eng d | ||
| 020 | _a9780830843947 | ||
| 040 | _aKenya National Library Service | ||
| 082 | _a230 DAR | ||
| 100 |
_aDark, David _eauthor |
||
| 245 |
_aLife's too short to pretend you're not religious / _cDavid Dark. |
||
| 300 |
_a199 pages ; _c21 cm. |
||
| 520 | _aDavid Dark, one of today's most respected thinkers and cultural critics at the intersection of faith and culture, returns to his classic text to bring us a revised, expanded, and reframed edition. With the same keen observation and candor, he reveals that religion is witness to everything we're up to, for better or worse. | ||
| 650 | _aReligion. | ||
| 650 | _aChristianity. | ||
| 942 |
_2ddc _cBK _n0 |
||
| 999 |
_c492947 _d492947 |
||